| 000 | 01694nam0a22004331 4500 | ||
|---|---|---|---|
| 001 | v19\rc\1467620 | ||
| 005 | 20260405201621.0 | ||
| 035 | _a(NLR Aleph) 005226906 | ||
| 090 |
_a5564095 _c5564095 |
||
| 100 | _a20060620d1876 |||y0rusy50 ca | ||
| 101 | 0 | _arus | |
| 102 | _aRU | ||
| 105 | _ay z ||||| | ||
| 135 | _acrcn 024anaba | ||
| 200 | 1 |
_aВаряги и Русь _eИст. исслед. _f[Соч.] С. Гедеонова. Ч. 1-2 |
|
| 210 |
_aСанкт-Петербург _cтип. Имп. Акад. наук _d1876 |
||
| 215 |
_a2 т. _d24 |
||
| 325 | _aКопия доступна в Электрон. б-ке РНБ | ||
| 700 | 1 |
_7ca _8rus _aГедеонов _bС. А. _f1816-1878 _gСтепан Александрович _972083 _3RU\NLR\AUTH\7789155 |
|
| 801 | 0 |
_aRU _bNLR _c20060620 _gpsbo |
|
| 801 | 0 |
_aRU _bRuMoRGB _c20060620 _2psbo |
|
| 801 | 1 |
_aRU _bProSoft-M _c20060620 _2rusmarc |
|
| 801 | 2 |
_aRU _bNLR _c20100617 _2rusmarc |
|
| 852 |
_aNLR _j18.57.8.24(ч. 1-2) |
||
| 852 |
_aNLR _j133/639(ч. 1-2) |
||
| 852 |
_aNLR _jКр II-443(ч. 1) |
||
| 852 |
_aNLR _jКр II-442(ч. 2) |
||
| 852 |
_aNLR _bМф _jК1/19062 |
||
| 856 | 0 | _uhttps://vivaldi.nlr.ru/bx700006238/view | |
| 856 | 1 | _uhttps://vivaldi.nlr.ru/bx700006238/cover | |
| 856 | 2 | _uhttps://vivaldi.nlr.ru/bx700006238/text | |
| 942 | _cBOOK | ||
| 980 | _aNB | ||
| 980 | _aCrimea | ||
| 981 | 4 | 8 | _a(48) Крым: история в документах |
| 981 | 2 | 2 |
_a(22) Материалы по истории России _b(22) Вспомогательные исторические дисциплины |